000
00252nam a2200097 a 4500
005
20140414132112.0
008
110812s19uu xx 00 eng d
050
_a
ER
_b
OV2
245
_a
Over and under :
_b
The land before time collection.
999
_c
114788
_d
114788